Statistiken für Stationen der S60 (Wien)

Klicken Sie hier um das Quiz zu spielen!

Allgemein

  • Dieses Quiz wurde 24 mal gespielt
    (15 seit der letzten Aktualisierung)
  • Das Durchschnittsergebnis liegt bei 14 aus 25

Antwortstatistiken

Haltestelle% Korrekt
Wien Meidling
100%
Bruck an der Leitha
83%
Wiener Neustadt Hauptbahnhof
83%
Wien Hauptbahnhof
83%
Himberg
75%
Wien Grillgasse
75%
Achau
67%
Gramatneusiedl
67%
Pottendorf-Landegg
67%
Ebenfurth
58%
Ebreichsdorf
58%
Götzendorf
58%
Wien Blumental
58%
Kledering
50%
Lanzendorf-Rannersdorf
50%
Münchendorf
42%
Sarasdorf
42%
Trautmannsdorf an der Leitha
42%
Wiener Neustadt Civitas Nova
42%
Wilfleinsdorf
42%
Hennersdorf
33%
Ober-Eggendorf
33%
Unter-Eggendorf
33%
Wampersdorf
25%
Weigelsdorf
25%

Verteilung der Resultate

Perzentil nach korrekt beantworteten Fragen

Anzahl Personen mit jedem Resultat

Ihre Resultats-Entwicklung

Sie haben dieses Quiz seit der letzten Aktualisierung nicht gespielt